书目信息 |
| 题名: |
可持续发展环境法律
|
|
| 作者: | 刘书俊 主编 | |
| 分册: | ||
| 出版信息: | 北京 化学工业出版社 2007 |
|
| 页数: | 198页 | |
| 开本: | 26cm | |
| 丛书名: | ||
| 单 册: | ||
| 中图分类: | D922.684 | |
| 科图分类: | ||
| 主题词: | 环境保护法--研究--中国 , 环境保护法 | |
| 电子资源: | ||
| ISBN: | 978-7-5025-9932-4 | |
| 000 | 00964nam0 2200265 450 | |
| 001 | 003406517 | |
| 005 | 20070720091918.29 | |
| 010 | @a978-7-5025-9932-4@dCNY26.00 | |
| 035 | @a003406517 | |
| 100 | @a20070226d2007 em y0chiy0110 ea | |
| 101 | 0 | @achi@deng@eeng |
| 102 | @aCN@b110000 | |
| 105 | @ay z 000yy | |
| 106 | @ar | |
| 200 | 1 | @a可持续发展环境法律@Ake chi xu fa zhan huan jing fa lv@dThe sustainable development environmental law@f刘书俊主编@Fliu shu jun zhu bian@zeng |
| 210 | @a北京@c化学工业出版社@d2007 | |
| 215 | @a198页@d26cm | |
| 330 | @a本书根据可持续发展方略,着眼于环境与资源可持续发展法制这条主线,运用法学与其他相关学科的理论与方法,对可持续发展与环境资源法律进行了较为系统的研究。 | |
| 510 | 1 | @aSustainable development environmental law@zeng |
| 606 | 0 | @a环境保护法@x研究@y中国 |
| 606 | 0 | @a环境保护法 |
| 690 | @aD922.684@v4 | |
| 701 | 0 | @a刘书俊@Aliu shu jun@4主编 |
| 801 | 0 | @aCN@bNLC@c20070720 |
| 905 | @dD922.684@e698@f5 | |
| 可持续发展环境法律=The sustainable development environmental law/刘书俊主编.-北京:化学工业出版社,2007 |
| 198页;26cm |
| ISBN 978-7-5025-9932-4:CNY26.00 |
| 本书根据可持续发展方略,着眼于环境与资源可持续发展法制这条主线,运用法学与其他相关学科的理论与方法,对可持续发展与环境资源法律进行了较为系统的研究。 |
| ● |
| 相关链接 |
|
|
|
|
正题名:可持续发展环境法律
索取号:D922.684/698
 
预约/预借
| 序号 | 登录号 | 条形码 | 馆藏地/架位号 | 状态 | 备注 |
| 1 | 0850533 | 208505330 | 第一样本阅览室/ [索取号:D922.684/698] | 在馆 | |
| 2 | 0850534 | 208505349 | 第一借阅区/ [索取号:D922.684/698] | 在馆 | |
| 3 | 0850535 | 208505358 | 第一借阅区/ [索取号:D922.684/698] | 在馆 | |
| 4 | 0850536 | 208505367 | 第一借阅区/ [索取号:D922.684/698] | 在馆 | |
| 5 | 0850537 | 208505376 | 第一借阅区/ [索取号:D922.684/698] | 在馆 |